ბათუმის შოთა რუსთაველის სახელმწიფო უნივერსიტეტის ბიბლიოთეკა

Brilliant answers to tough interview questions (ბიბ.ჩანაწერი № 51457)

000 -LEADER
fixed length control field 00609nam a2200229Ia 4500
001 - CONTROL NUMBER
control field 18443
003 - CONTROL NUMBER IDENTIFIER
control field GE_BSU
008 - FIXED-LENGTH DATA ELEMENTS--GENERAL INFORMATION
fixed length control field 181216s||||||||xx |||||||||||||| ||und||
020 ## - INTERNATIONAL STANDARD BOOK NUMBER
International Standard Book Number 9780273743897
040 ## - CATALOGING SOURCE
Transcribing agency GE_BSU
080 ## - UNIVERSAL DECIMAL CLASSIFICATION NUMBER
Universal Decimal Classification number 331.4
100 ## - MAIN ENTRY--PERSONAL NAME
Personal name Hodgson, Susan
245 ## - TITLE STATEMENT
Title Brilliant answers to tough interview questions
250 ## - EDITION STATEMENT
Edition statement fourht edition
260 ## - PUBLICATION, DISTRIBUTION, ETC.
Place of publication, distribution, etc. Harlow
260 ## - PUBLICATION, DISTRIBUTION, ETC.
Name of publisher, distributor, etc. Pearson
260 ## - PUBLICATION, DISTRIBUTION, ETC.
Date of publication, distribution, etc. 2011
300 ## - PHYSICAL DESCRIPTION
Extent 282 p. 22cm.
653 ## - INDEX TERM--UNCONTROLLED
Uncontrolled term Brilliant answers to tough interview questions
653 ## - INDEX TERM--UNCONTROLLED
Uncontrolled term შრომა. დასაქმება. სამუშაო.
942 ## - ADDED ENTRY ELEMENTS (KOHA)
Koha item type წიგნი
ეგზემპლარები
Withdrawn status Lost status Damaged status Not for loan Date acquired Barcode Date last seen Price effective from Koha item type
        2018-12-17 47274 2018-12-17 2018-12-17 წიგნი